Knižnice a ich dáta pod lupou

Uložené v:
Podrobná bibliografia
Hlavný autor: Glemba, Matej (Autor)
Ďalší autori: Andrejčíková, Nadežda (Vedúci práce)
Médium: Rukopis Kniha
Jazyk:Slovak
Vydavateľské údaje: 2021
Predmet:
On-line prístup:http://is.stuba.sk/zp/portal_zp.pl?podrobnosti=142003
Tagy: Pridať tag
Žiadne tagy, Buďte prvý, kto otaguje tento záznam!

MARC

LEADER 00000ntm a22000003a 4500
001 stuzp80527
003 SK-STU
005 20210626210719.9
007 ta
008 150427s2015----xo-----f-mn---000-0-slo-d
040 |a STU  |b slo 
041 0 |a slo 
100 1 |a Glemba, Matej  |u 070200  |4 aut  |U FIIT Fakulta informatiky a informačných technológií  |T FIIT Ústav informatiky, informačných systémov a softvérového inžinierstva  |X 92018  |U I200  |Y 179  |7 92018 
242 0 1 |a Libraries and their data under magnifier  |y eng 
245 1 0 |a Knižnice a ich dáta pod lupou 
260 |c 2021 
650 4 |a Analýza  |2 slo 
650 4 |a Štatistika  |2 slo 
650 4 |a Výpožicka  |2 slo 
650 4 |a Knižničný systém  |2 slo 
650 4 |a Marc 21  |2 slo 
650 4 |a Analysis  |2 eng 
650 4 |a Statistics  |2 eng 
650 4 |a Marc 21  |2 eng 
650 4 |a Library system  |2 eng 
650 4 |a Library loan  |2 eng 
700 1 |a Andrejčíková, Nadežda  |4 ths  |X 38835  |7 A000038835 
856 4 |u http://is.stuba.sk/zp/portal_zp.pl?podrobnosti=142003